Aey rahey haq key shahedoo (Record no. 569005)

000 -LEADER
fixed length control field 00448nam a22001697a 4500
003 - CONTROL NUMBER IDENTIFIER
control field CEME
005 - DATE AND TIME OF LATEST TRANSACTION
control field 20210628202233.0
008 - FIXED-LENGTH DATA ELEMENTS--GENERAL INFORMATION
fixed length control field 210301b xxu||||| |||| 00| 0 eng d
040 ## - CATALOGING SOURCE
Transcribing agency .
082 ## - DEWEY DECIMAL CLASSIFICATION NUMBER
Classification number 891.4393 TAR
100 ## - MAIN ENTRY--PERSONAL NAME
Personal name Tariq Ismail Sagar, Tariq Ismail Tariq Ismail Sagar
9 (RLIN) 58935
245 ## - TITLE STATEMENT
Title Aey rahey haq key shahedoo
260 ## - PUBLICATION, DISTRIBUTION, ETC.
Place of publication, distribution, etc. PDF
Name of publisher, distributor, etc. SKEIKH BROTHERS
Date of publication, distribution, etc. 2001
300 ## - PHYSICAL DESCRIPTION
Extent 328P
650 ## - SUBJECT ADDED ENTRY--TOPICAL TERM
Topical term or geographic name entry element URDU ADAB-NOVEL
9 (RLIN) 20918
942 ## - ADDED ENTRY ELEMENTS (KOHA)
Koha item type Book
Source of classification or shelving scheme
Holdings
Withdrawn status Lost status Source of classification or shelving scheme Damaged status Not for loan Permanent Location Current Location Shelving location Date acquired Shelving control number Full call number Barcode Date last seen Price effective from Koha item type Public note
          College of Electrical & Mechanical Engineering (CEME) College of Electrical & Mechanical Engineering (CEME) Fiction 07/17/2017 Urdu Literature 891.4393 TAR CEME-35750 06/28/2021 06/28/2021 Book 1.0
© 2023 Central Library, National University of Sciences and Technology. All Rights Reserved.